书目信息 |
| 题名: |
实用英语教学法教程
|
|
| 作者: | 文旭 总主编 ;徐锦芬 , 刘文波 主编 | |
| 分册: | ||
| 出版信息: | 北京 中国人民大学出版社 2019.03 |
|
| 页数: | 239页 | |
| 开本: | 26cm | |
| 丛书名: | 全人教育英语专业本科教材系列 | |
| 单 册: | ||
| 中图分类: | H319.3 | |
| 科图分类: | ||
| 主题词: | 英语--ying yu--教学法--高等学校--教材 | |
| 电子资源: | ||
| ISBN: | 978-7-300-26709-8 | |
| 000 | 01195nam 2200289 450 | |
| 001 | 202019135602 | |
| 005 | 20191007123107.0 | |
| 010 | @a978-7-300-26709-8@dCNY45.00 | |
| 100 | @a20191004d2019 em y0chiy50 ea | |
| 101 | 0 | @achi@aeng |
| 102 | @aCN@b110000 | |
| 105 | @aak z 000yy | |
| 106 | @ar | |
| 200 | 1 | @a实用英语教学法教程@Ashi yong ying yu jiao xue fa jiao cheng@d= English language teaching methodology: a practical coursebook@f总主编文旭@g主编徐锦芬, 刘文波@zeng |
| 210 | @a北京@c中国人民大学出版社@d2019.03 | |
| 215 | @a239页@c图@d26cm | |
| 225 | 2 | @a全人教育英语专业本科教材系列@Aquan ren jiao yu ying yu zhuan ye ben ke jiao cai xi lie |
| 330 | @a本书介绍英语教学的基本概念、交际教学原则与任务型教学思想、国家英语课程标准、备课与编写教案、课堂管理方法、语言知识的教学方法。 | |
| 410 | 0 | @12001 @a全人教育英语专业本科教材系列 |
| 510 | 1 | @aEnglish language teaching methodology: a practical coursebook@zeng |
| 606 | 0 | @a英语@Aying yu@x教学法@x高等学校@j教材 |
| 690 | @aH319.3@v5 | |
| 701 | 0 | @a文旭@Awen xu@4总主编 |
| 702 | 0 | @a徐锦芬@Axu jin fen@4主编 |
| 702 | 0 | @a刘文波@Aliu wen bo@4主编 |
| 801 | 0 | @aCN@c20190905 |
| 905 | @a河南城建学院图书馆@dH319.3@eW664 | |
| 实用英语教学法教程= English language teaching methodology: a practical coursebook/总主编文旭/主编徐锦芬, 刘文波.-北京:中国人民大学出版社,2019.03 |
| 239页:图;26cm.-(全人教育英语专业本科教材系列) |
| ISBN 978-7-300-26709-8:CNY45.00 |
| 本书介绍英语教学的基本概念、交际教学原则与任务型教学思想、国家英语课程标准、备课与编写教案、课堂管理方法、语言知识的教学方法。 |
| ● |
| 相关链接 |
|
|
|
正题名:实用英语教学法教程
索取号:H319.3/W664
 
预约/预借
| 序号 | 登录号 | 条形码 | 馆藏地/架位号 | 状态 | 备注 |
| 1 | 1444556 | 214445563 | 语言库209/209语言库 42排5列6层/ [索取号:H319.3/W664] | 在馆 | |
| 2 | 1444557 | 214445572 | 语言库209/209语言库 42排5列6层/ [索取号:H319.3/W664] | 在馆 |